Húgyúti vérzések

Elmentve itt :
Bibliográfiai részletek
Szerző: Bajory Zoltán
Dokumentumtípus: Könyv része
Megjelent: SpringMed Publishing Ltd. Budapest 2017
Sorozat:Urológia a háziorvosi gyakorlatban
Tárgyszavak:
mtmt:3309736
Online Access:http://publicatio.bibl.u-szeged.hu/26548
LEADER 00779naa a2200217 i 4500
001 publ26548
005 20230221082912.0
008 230221s2017 hu o 0|| Magyar d
020 |a 9789639456907 
024 7 |a 3309736  |2 mtmt 
040 |a SZTE Publicatio Repozitórium  |b hun 
041 |a Magyar 
100 1 |a Bajory Zoltán 
245 1 0 |a Húgyúti vérzések  |h [elektronikus dokumentum] /  |c  Bajory Zoltán 
260 |a SpringMed Publishing Ltd.  |b Budapest  |c 2017 
300 |a 12 
300 |a 258-269 
490 0 |a Urológia a háziorvosi gyakorlatban 
650 4 |a Klinikai orvostan 
856 4 0 |u http://publicatio.bibl.u-szeged.hu/26548/1/3309736_fejezet.pdf  |z Dokumentum-elérés  
856 4 0 |u http://publicatio.bibl.u-szeged.hu/26548/2/3309736_cimlap_tartalom.pdf  |z Dokumentum-elérés